LEADER 01399nam a2200301 a 4500 001 000000128531 003 CaOOAMICUS 005 20120424100757.0 008 120424s2010 miu u000 u eng r 020 $a978-0-8028-6536-6 040 $aPUL$bita 082 04$a241.4 100 1 $aMelina, Livio,$csac.,$d1952-$0(OLS)http://pul/name/7558 245 14$aThe epiphany of love :$btoward a theological understanding of Christian action /$cLivio Melina. 260 $aGrand Rapids, Michigan :$bWilliam B. Eerdmans,$c2010. 300 $axx, 185 p. ;$c25 cm. 490 1 $aRessourcement: retrieval and renewal in catholic thought 504 $aContiene riferimenti bibliografici ed indici. 650 4$aAmore (teologia).$0(OLS)http://pul/subject/20975 830 0$aRessourcement: retrieval and renewal in catholic thought.$0(OLS)http://pul/title/162412 850 $aPUL 852 $aPUL$W1$xSL Religione 3$y85$m241. 4 MELLI 1$j148858$qDDC 21$B147387$CPULBib$Z2$F147387 $H115838 $82 941 1 $a9 996 $6020$a978-0-8028-6536-6$9(OLS)http://pul/number/149488 996 $6082$a241.4$9(OLS)http://pul/classification/1773 996 $6245$aThe epiphany of love :$btoward a theological understanding of Christian action$9(OLS)http://pul/title/162411 996 $6260$aGrand Rapids, Michigan :$bWilliam B. Eerdmans$9(OLS)http://pul/publisher/75713 LEADER 01139nam a2200301 a 4500 001 000000170544 003 CaOOAMICUS 005 20181116120620.0 008 181116s1996 it u000 u ita r 020 $a88-05-05585-9* 032 $aLibriCat 040 $aPUL$bita 100 1 $aCeci, Giuseppe.$0(OLS)http://pul/name/109715 245 10$aLuigi Sturzo :$bil profeta coraggioso dei tempi moderni /$cGiuseppe Ceci. 260 $aTorino :$bS.E.I.,$cc1996. 300 $aXI, 112 p. ;$c22 cm. 490 1 $aTesti e testimoni 500 $aContiene indici. 504 $aBibliografia in nota. 600 14$aSturzo, Luigi,$csac.,$d1871-1959.$0(OLS)http://pul/subject/829 830 0$aTesti e testimoni.$0(OLS)http://pul/title/82573 850 $aPUL 852 $aPUL$W1$xDP1 Fondo De Girolamo$y124$m1 E 40$j151990$qFondi$B198875$CPULBib$Z2$F198875 $81 941 1 $a1 996 $6020$a88-05-05585-9*$9(OLS)http://pul/number/165307 996 $6245$aLuigi Sturzo :$bil profeta coraggioso dei tempi moderni$9(OLS)http://pul/title/211330 996 $6260$aTorino :$bS.E.I.$9(OLS)http://pul/publisher/50772